000 00418nam a2200181Ia 4500
003 0100
008 130303s9999 xx 000 0 und d
040 _cARRUPELIB
050 _aD160.B7
245 4 _aThe Crusades
245 _bmotives and achievements
260 _aBoston MA
260 _bHeath
260 _C1964
300 _a89p
700 _aed. by James A. Brundage , Brundage, James A., ed
942 0 0 _01
999 _c40875
_d40875